| 000 | 00742nam a2200229Ia 4500 | ||
|---|---|---|---|
| 003 | GCL | ||
| 008 | 140319s9999 xx 000 0 ara d | ||
| 040 |
_aGCL / _cGCL |
||
| 082 | 0 | 4 |
_a923.3 _bك د |
| 100 | 1 | _aكمال حمدى ابوالخير | |
| 245 | 1 | 0 |
_aدكتور وليم كنج : _bتاريخه - افكاره - رسائله / _cكمال حمدى ابوالخير |
| 260 |
_aالقاهرة : _bمكتبة عين شمس |
||
| 300 |
_a310 ص ؛ _c25سم |
||
| 490 |
_aسلسلة رواد التعاون _v2 |
||
| 650 | 0 | 4 | _aالاقتصاد |
| 650 | 0 | 4 | _aالتراجم |
| 650 | 0 | 4 | _aالتعاون |
| 650 | 0 | 4 | _aالرجال - تراجم |
| 650 | 0 | 4 | _aالاقتصاديون |
| 650 | 0 | 4 | _aوليم كنج |
| 942 |
_2ddc _cBK |
||
| 999 |
_c50061 _d50061 |
||